Music Quiz

Random Music or Rock Quiz

Rock 'n Roll Hall of Fame (A-Z) Quiz Stats

 Plays Quiz Updated Apr 10, 2014

Challenge
Share
Tweet
Score 0/25 Timer 05:00
4 Plays Today
% Correct
The Beach Boys
92.9%
The Jackson 5
91.8%
U2
91.5%
ZZ Top
89.7%
Nirvana
87.2%
Queen
83.9%
Guns 'n' Roses
81.8%
The Supremes
75.6%
The Doors
73.6%
The Ramones
72.8%
Metallica
71.6%
Led Zeppelin
70.6%
Aerosmith
70.2%
% Correct
The Who
65.2%
The Clash
61.3%
The Kinks
55.7%
Van Halen
49.4%
Pink Floyd
47.9%
The Yardbirds
43.7%
Earth, Wind and Fire
37.2%
The O'Jays
33.5%
Four Seasons
31.7%
The Isley Brothers
30.9%
The Hollies
27.4%
Talking Heads
20.5%

You're not logged in!

Compare scores with friends on all Sporcle quizzes.
Join for Free
OR
Log In

You Might Also Like...

Show Comments

Extras

Top Quizzes Today


Score Distribution

Your Account Isn't Verified!

In order to create a playlist on Sporcle, you need to verify the email address you used during registration. Go to your Sporcle Settings to finish the process.

Report this User

Report this user for behavior that violates our Community Guidelines.

Details: